Znižovanie znečisťovania povrchových vôd fosforom z agrárnej krajiny - základné východiská

Vymedzenie kritických oblastí z hľadiska transportu fosforu z poľnohospodárskej pôdy do povrchových vôd s prihliadnutím na podmienky Slovenska. Opatrenia na zníženie vnosu fosforu z poľnohospodárskej pôdy do vôd.

Gespeichert in:
Bibliographische Detailangaben
1. Verfasser: Bujnovský, Radoslav
Format: Buchkapitel
Sprache:Slowakisch
Schlagworte:
Tags: Tag hinzufügen
Keine Tags, Fügen Sie das erste Tag hinzu!

MARC

LEADER 00000naa a2200000 4500
001 0224654
005 20221019173324.1
041 0 |a slo 
044 |a SK 
245 1 0 |a Znižovanie znečisťovania povrchových vôd fosforom z agrárnej krajiny - základné východiská  |c Radoslav Bujnovský ... [et al.] 
520 |a Vymedzenie kritických oblastí z hľadiska transportu fosforu z poľnohospodárskej pôdy do povrchových vôd s prihliadnutím na podmienky Slovenska. Opatrenia na zníženie vnosu fosforu z poľnohospodárskej pôdy do vôd. 
610 2 0 |a voda povrchová 
610 2 0 |a pôda poľnohospodárska 
610 2 0 |a znečistenie vôd 
100 1 |a Bujnovský, Radoslav